History of photography /

Bibliographic Details
Main Author: Eder, Josef Maria, 1855-1944
Other Authors: Epstean, Edward, 1868-1945, Lüppo-Cramer, Hinricus, 1871-
Format: Book
Language:English
Undetermined
Published: New York : Columbia university press, 1945.
Subjects:

MARC

Tag First Indicator Second Indicator Subfields
LEADER 00000cam a2200000 4500
001 in00000035934
005 20151007063549.0
008 740129s1945 nyuc b 00010 eng c
010 |a a 45001970  
035 |a (OCoLC)00785172 
035 |9 AAD7685AM 
040 |a Columbia Univ. Libraries  |c CPL  |d OCL  |d TXA  |d UtOrBLW 
041 1 |a eng  |a und 
049 |a TXAM  |c [129871] 
050 0 |a TR15  |b .E383 
082 0 |a 770.9 
092 |a 770.9  |b E22h 
100 1 |a Eder, Josef Maria,  |d 1855-1944. 
245 1 0 |a History of photography /  |c by Josef Maria Eder; translated by Edward Epstean ... 
264 1 |a New York :  |b Columbia university press,  |c 1945. 
300 |a xx, 860 pages :  |b frontispiece (portrait) ;  |c 24 cm. 
336 |a text  |b txt  |2 rdacontent 
337 |a unmediated  |b n  |2 rdamedia 
338 |a volume  |b nc  |2 rdacarrier 
500 |a "Biography of Josef Maria Eder, by Hinricus Luppo-Cramer": pages [720]-728. 
504 |a Bibliographical references included in "Notes" (pages [729]-817). 
650 0 |a Photography  |x History. 
700 1 |a Epstean, Edward,  |d 1868-1945. 
700 1 |a Lüppo-Cramer, Hinricus,  |d 1871- 
999 |a MARS 
999 f f |s 7affa443-c3da-3f96-b52e-6e4ecd4ffb4a  |i cedd968f-998e-37af-96a3-fc9a16955603  |t 0 
952 f f |p ric  |a Texas A&M University  |b Rellis Campus  |c Joint Library Facility  |d Remote Storage  |t 0  |e TR15 .E383  |h Library of Congress classification  |i unmediated -- volume  |m A14801160818 
998 f f |a TR15 .E383  |t 0  |l Remote Storage